Taylor Swift - Paroles Jump Then Fall - Statistiques

Statistiques générales
  • Ce quiz a été pris 13 fois
  • Le résultat moyen est 332 sur 384
Statistiques - réponses
Hint Réponse % Correct
a
100%
and
100%
And
100%
baby
100%
Baby,
100%
be
100%
best
100%
can
100%
can't
100%
'Cause
100%
Don't
100%
ever
100%
Outro | Pré-refrain Every
100%
every
100%
fall
100%
fall,
100%
for
100%
gonna
100%
Couplet 1 I
100%
I'll
100%
is
100%
jump
100%
Jump
100%
love
100%
me
100%
me,
100%
my
100%
oh,
100%
oh
100%
So
100%
so
100%
the
100%
Bridge The
100%
then
100%
We
100%
We're
100%
Refrain Whoa,
100%
with
100%
you
100%
you,
100%
You
100%
your
100%
you're
100%
afraid
80%
afraid,
80%
all
80%
but
80%
But
80%
could
80%
didn't
80%
from
80%
have
80%
hear
80%
here
80%
I'm
80%
I'ma
80%
in
80%
into
80%
it
80%
like
80%
morning
80%
need
80%
never
80%
night
80%
notice
80%
on
80%
out
80%
please
80%
realize
80%
shine,
80%
shine
80%
should
80%
show
80%
smile,
80%
smile
80%
sound
80%
that
80%
time
80%
to
80%
together
80%
up,
80%
watch
80%
way
80%
Couplet 2 Well,
80%
without
80%
yeah
80%
been
60%
breath
60%
bring
60%
catch
60%
closer
60%
come
60%
cry
60%
deep
60%
everything
60%
face
60%
face,
60%
feeling
60%
got
60%
had
60%
hair
60%
heard
60%
honey
60%
I've
60%
keep
60%
knees
60%
laugh
60%
leave
60%
o-over
60%
people
60%
phone
60%
Say
60%
say
60%
stay
60%
Take
60%
talk
60%
things
60%
think
60%
through
60%
too
60%
wanna
60%
wanted
60%
warning
60%
When
60%
when
60%
words
60%
bottom's
40%
drop
40%
each
40%
falls
40%
feet
40%
focus
40%
freckle
40%
hold
40%
keys
40%
mad
40%
our
40%
under
40%
until
40%
wrapped
40%
Aucun quiz correspondant
Distribution des résultats
% des personnes avec chaque résultat
Percentile par nombre de réponses
Votre historique - résultats
Vous n’avez pas pris ce quiz